[Event "Prestwick Airport Major"]
[Site "Prestwick"]
[Date "2011.05.15"]
[Round "5"]
[White "Weir, J Len"]
[Black "Mulholland, Arthur L"]
[Result "1/2-1/2"]
[WhiteElo "1509"]
[BlackElo "1687"]
[PlyCount "106"]
[EventDate "2011.05.13"]
[EventType "swiss"]
[EventRounds "5"]
[EventCountry "SCO"]
[SourceTitle "EXT 2023"]
[Source "ChessBase"]
[SourceDate "2022.10.05"]
[SourceVersion "1"]
[SourceVersionDate "2022.10.05"]
[SourceQuality "1"]

1. b4 e5 2. Bb2 f6 3. a3 c5 4. bxc5 Bxc5 5. e3 Nc6 6. d4 exd4 7. Qh5+ Kf8 8. Qxc5+ d6 9. Qb5 dxe3 10. fxe3 Nh6 11. Be2 Qe7 12. Qd3 Bf5 13. Qd2 Re8 14. Bc1 g5 15. h3 Qe5 16. Nf3 Qxa1 17. Qxd6+ Kg7 18. 0-0 Qxb1 19. e4 Qb6+ 20. Kh1 Bxe4 21. Nh4 Ne5 22. Qd2 Rd8 23. Qe1 Bxc2 24. Bxg5 fxg5 25. Bh5 Qd6 26. Qg3 Bg6 27. Qxg5 Nef7 28. Qa5 Qa6 29. Qc3+ Kg8 30. Rf6 Rd1+ 31. Bxd1 Qb5 32. Nxg6 hxg6 33. Rxg6+ Kf8 34. Qc8+ Qe8 35. Qc5+ Qe7 36. Qc3 Rg8 37. Rf6 Qd7 38. Bb3 Rg7 39. Qc5+ Qe7 40. Qc8+ Qe8 41. Qc3 Qe2 42. Qc5+ Qe7 43. Qf2 Qxa3 44. Be6 Qa1+ 45. Kh2 Qe5+ 46. g3 b6 47. Rxh6 Ke7 48. Bxf7 Rxf7 49. Qd2 Qc5 50. Qe2+ Kd8 51. Rh8+ Kc7 52. Rc8+ Kxc8 53. Qe8+ Kb7 1/2-1/2

[Event "Prestwick Airport Major"]
[Site "Prestwick"]
[Date "2011.05.14"]
[Round "3"]
[White "Weir, J Len"]
[Black "Baird, Clive H"]
[Result "0-1"]
[WhiteElo "1509"]
[BlackElo "1704"]
[PlyCount "101"]
[EventDate "2011.05.13"]
[EventType "swiss"]
[EventRounds "5"]
[EventCountry "SCO"]
[SourceTitle "EXT 2023"]
[Source "ChessBase"]
[SourceDate "2022.10.05"]
[SourceVersion "1"]
[SourceVersionDate "2022.10.05"]
[SourceQuality "1"]

1. b4 e5 2. Bb2 d6 3. e3 g6 4. d4 Nd7 5. c4 Bg7 6. d5 Ngf6 7. Nd2 0-0 8. Ngf3 e4 9. Ng5 Re8 10. Qc2 Qe7 11. Be2 h6 12. Nh3 Ne5 13. Nf4 Bf5 14. 0-0 c6 15. dxc6 bxc6 16. Rfd1 d5 17. c5 Rab8 18. a3 Bg4 19. h3 Bxe2 20. Nxe2 Nd3 21. Bc3 Nd7 22. Nd4 Bxd4 23. exd4 Qh4 24. Nf1 Kh7 25. Be1 f5 26. Qa4 Rb5 27. Qxa7 Re7 28. Qa8 Qf6 29. Bc3 f4 30. Nh2 h5 31. Ra2 Rb8 32. Qa4 Nf8 33. f3 Rbb7 34. fxe4 dxe4 35. Qb3 Qf5 36. Qc2 Ne6 37. Nf3 Nc7 38. Ne1 Nxe1 39. Bxe1 Nd5 40. Qe2 Ne3 41. Rc1 Nd5 42. Rb2 Nf6 43. b5 cxb5 44. Rxb5 Rxb5 45. Qxb5 Qg5 46. Qc4 f3 47. g3 e3 48. Rc3 Ne4 49. Kh2 f2 50. Bxf2 exf2 51. h4 0-1